000 00872cam a22002654a 4500
999 _c14209
_d14209
003 OSt
005 20260317131730.0
008 101013s2011 nyuab b 001 0 eng
020 _a9780071744454
_qalk. paper
035 _a16499106
042 _apcc
050 0 0 _aTH880
_b.Y45 2011
082 0 0 _a690
_222
100 1 _aYellamraju, Vijaya.
245 1 0 _aLEED-new construction project management /
_cVijaya Yellamraju.
260 _aNew York :
_bMcGraw-Hill,
_cc2011.
300 _axix, 474 p. :
_bill., maps ;
_c24 cm.
490 1 _aMcGraw-Hill's GreenSource series
504 _aIncludes bibliographical references and index.
650 0 _aSustainable construction.
650 0 _aBuilding
_xSuperintendence.
650 0 _aLeadership in Energy and Environmental Design Green Building Rating System.
830 0 _aMcGraw-Hill's GreenSource series.
942 _2ddc